000 01472nam a2200421 c 4500
001 3928
003 ES-MaCES
005 20150925135231.0
008 960304s1996 sp ||| | spa d
017 _aM. 38.750-1995
_bDL
020 _a8447006344
035 _aCES19980039574m
040 _aES-MaCES
_bspa
_cES-MaCES
245 0 0 _aDerecho del medio ambiente y Administración local
_cLuis Manuel Alonso González ... [et al.] ; coordinado por, José Esteve Pardo ; [promovido por] Diputació de Barcelona
250 _a1ª ed
260 _aMadrid
_bCivitas
_c1996
300 _a889 p.
_c25 cm
504 _aBibliografía: p. 815-865. Indices
541 _cCompra
650 4 _aderecho medioambiental
_930801
650 4 _agobierno local
_927219
650 4 _aderecho de responsabilidad civil
_929891
650 4 _acontrol de la contaminación
_928749
650 4 _aprotección ambiental
_929423
650 4 _adesarrollo industrial
_927623
650 4 _adesperdicio
_928267
650 4 _aderecho fiscal
_927162
650 4 _aadministración fiscal
_927209
650 4 _atributación
_928093
653 1 0 _aDerecho medioambiental
650 4 _930344
_aevaluación del impacto ambiental
700 1 _aAlonso González, Luis Manuel
_96022
700 1 _aEsteve Pardo, José
_ecol.
_911482
710 1 _aBarcelona (Provincia)
_bDiputación
_ecol.
_91628
902 _aLIB Libro
942 _2CES
_cBK
_h6.0.4.
999 _c3928
_d3928